000 00822nam a2200253 a 4500
008 981026s1998 m yxo ra 0 slo c
020 _a8085218437
_c139
040 _aSNK
_bslo
_cSNK
_eAACR2
041 1 _aslo
_heng
044 _axo
_cSK
080 _a820 (73)-3
100 1 _aSteel, Danielle
_d1947-
_4aut
240 1 0 _aPalomino
_lSlovensky
245 1 0 _aPalomino
_cDanielle Steel ; [z amerického originálu preložila Alica Lajdová]
260 _aBratislava
_bRemedium
_c1998
300 _a318 s.
_c21 cm
500 _aÚdaj o prekl. prevzatý z rubu tit. strany
650 0 7 _aliteratúra americká
_xromány spoločenské
_2SNK
650 0 7 _aromány spoločenské
_xliteratúra americká
_2SNK
700 1 _aLajdová, Alica
_4trl
730 _tPalomino
765 0 _tPalomino
_aSteel, Danielle, 1947-
958 _aAUL
999 _c8140
_d8140